Statistics for Elements With the Most Borders

Click here to take the quiz!

General Stats

  • This quiz has been taken 66 times
  • The average score is 10 of 24

Answer Stats

Elements% Correct
Gold
85%
Silver
74%
Silicon
57%
Tin
53%
Iodine
49%
Phosphorus
47%
Sulfur
47%
Platinum
45%
Chlorine
43%
Tungsten
42%
Antimony
36%
Cadmium
36%
Iridium
36%
Palladium
36%
Osmium
34%
Rhodium
34%
Indium
32%
Molybdenum
32%
Technetium
32%
Niobium
26%
Rhenium
26%
Ruthenium
26%
Tellurium
25%
Tantalum
23%

Score Distribution

Percentile by Number Answered

Percent of People with Each Score

Your Score History

You have not taken this quiz